00366pab a2200133 454500008004000000100002100040245004300061260000900104300001500113362001200128650001900140650002900159773004400188180718b1983 xxu||||| |||| 00| 0 eng d aThavaraj, M.J.K. aFinancial accountability in government c1983 ap.548-558. aJul-Sep aAccountability aFinancial administration aIndian Journal of Public Administration